<?xml version="1.0" encoding="UTF-8"?>
<record
    xmlns:xsi="http://www.w3.org/2001/XMLSchema-instance"
    xsi:schemaLocation="http://www.loc.gov/MARC21/slim http://www.loc.gov/standards/marcxml/schema/MARC21slim.xsd"
    xmlns="http://www.loc.gov/MARC21/slim">

  <leader>01105nam a2200205 i 4500</leader>
  <controlfield tag="001">162983</controlfield>
  <controlfield tag="003">ES-MaACL</controlfield>
  <controlfield tag="005">20250722063155.0</controlfield>
  <controlfield tag="008">020919s1860    fr           |||| | fre d</controlfield>
  <datafield tag="100" ind1="1" ind2=" ">
    <subfield code="a">Ravignan, Gustave-Xavier de La Croix de, </subfield>
    <subfield code="d">1795-1858</subfield>
    <subfield code="9">175876</subfield>
  </datafield>
  <datafield tag="245" ind1="1" ind2="0">
    <subfield code="a">Conf&#xE9;rences du R&#xE9;verend P&#xE9;re de Ravignan.</subfield>
  </datafield>
  <datafield tag="260" ind1=" " ind2=" ">
    <subfield code="a">Paris : </subfield>
    <subfield code="b">Poussielgue-Rusand, </subfield>
    <subfield code="c">1860 (</subfield>
    <subfield code="e">Tours : </subfield>
    <subfield code="f">Mame.)</subfield>
  </datafield>
  <datafield tag="300" ind1=" " ind2=" ">
    <subfield code="a">4 v. (VII, 544 p. [1] h. de l&#xE1;m. plegada ms. ; 630 p. ; 596 p. ; 655 p.) ; </subfield>
    <subfield code="c">23 cm.</subfield>
  </datafield>
  <datafield tag="505" ind1="8" ind2=" ">
    <subfield code="a">Contiene: I. Conf&#xE9;rences pr&#xEA;ch&#xE9;es a notre-dame de Paris de 1837 a 1846 - II. Conf&#xE9;rences pr&#xEA;ch&#xE9;es a notre-dame de Paris de 1837 a 1846 - III. Conf&#xE9;rences pr&#xEA;ch&#xE9;es a notre-dame de Paris de 1837 a 1846 - IV. Le d&#xE9;calogue consid&#xE9;r&#xE9; comme loi de respect.</subfield>
  </datafield>
  <datafield tag="594" ind1=" " ind2=" ">
    <subfield code="a">El contenido del v. IV, seg&#xFA;n consta en el t&#xED;t., es "Conf&#xE9;rences de 1847 et discours divers"; el t&#xED;t. que consta en la descripci&#xF3;n consta en p.1, pero no en port.</subfield>
  </datafield>
  <datafield tag="597" ind1=" " ind2=" ">
    <subfield code="a">Antep.</subfield>
  </datafield>
  <datafield tag="597" ind1=" " ind2=" ">
    <subfield code="a">Marc. tip. en port.</subfield>
  </datafield>
  <datafield tag="852" ind1="4" ind2=" ">
    <subfield code="a">ES-MaACL</subfield>
    <subfield code="j">G-8326-29    </subfield>
    <subfield code="z">- Enc. hol.</subfield>
  </datafield>
  <datafield tag="999" ind1=" " ind2=" ">
    <subfield code="c">162983</subfield>
    <subfield code="d">162983</subfield>
  </datafield>
  <datafield tag="952" ind1=" " ind2=" ">
    <subfield code="0">0</subfield>
    <subfield code="1">0</subfield>
    <subfield code="4">0</subfield>
    <subfield code="7">0</subfield>
    <subfield code="8">LIBXIX</subfield>
    <subfield code="a">ATENEOM</subfield>
    <subfield code="b">ATENEOM</subfield>
    <subfield code="c">SPP3</subfield>
    <subfield code="d">2008-01-17</subfield>
    <subfield code="e">SSC</subfield>
    <subfield code="l">0</subfield>
    <subfield code="o">G-8326-8329</subfield>
    <subfield code="p">1170764</subfield>
    <subfield code="r">2023-02-23 00:00:00</subfield>
    <subfield code="w">2023-02-23</subfield>
    <subfield code="y">MONANT</subfield>
  </datafield>
</record>
